[Event "10th Essent op"]
[Site "Hoogeveen NED"]
[Date "2006.10.20"]
[Round "1.10"]
[White "Doggers, Peter"]
[Black "Khairullin, Ildar"]
[Result "1/2-1/2"]
[WhiteElo "2252"]
[BlackElo "2543"]
[EventDate "2006.10.20"]
[PlyCount "50"]

1.e4 c5 2.Nf3 d6 3.d4 cxd4 4.Nxd4 Nf6 5.Nc3 a6 6.Be3 e6 7.Be2 Qc7 8.f4 b5 
9.Bf3 Bb7 10.a3 Nbd7 11.Qe2 e5 12.Nf5 g6 13.fxe5 dxe5 14.Nh6 Bc5 15.O-O-O 
Bxa3 16.Nd5 Bxd5 17.exd5 Bd6 18.Kb1 Nb6 19.Rhf1 Ng8 20.Nxg8 Rxg8 21.Bg5 
Qc4 22.Qf2 Qc7 23.g4 Nd7 24.Qh4 f6 25.Qxh7 O-O-O 1/2-1/2

[Event "10th Essent op"]
[Site "Hoogeveen NED"]
[Date "2006.10.21"]
[Round "2.20"]
[White "Pruijssers, Roeland"]
[Black "Smerdon, David"]
[Result "1/2-1/2"]
[WhiteElo "2339"]
[BlackElo "2473"]
[EventDate "2006.10.20"]
[PlyCount "84"]

1.e4 e6 2.d4 d5 3.Nc3 Nf6 4.e5 Nfd7 5.f4 c5 6.Nf3 Nc6 7.Be3 cxd4 8.Nxd4 
Bc5 9.Qd2 O-O 10.O-O-O a6 11.Nb3 Bxe3 12.Qxe3 b5 13.Bd3 Nb4 14.Be2 Nb6 15.
Qc5 a5 16.Bxb5 Bd7 17.a3 Nxc2 18.Bxd7 Nxd7 19.Qf2 Nxa3 20.bxa3 a4 21.Nd4 
Qa5 22.Qf3 Rfc8 23.Ne2 Nc5 24.Kc2 Ne4 25.Qe3 Qb5 26.Rb1 Qc4 27.Rhd1 Qa2+ 
28.Rb2 Qxa3 29.Qd4 Rc4 30.Qxc4 dxc4 31.Nxe4 Qe3 32.N4c3 a3 33.Ra2 g5 34.
Rd4 gxf4 35.Rxc4 Rd8 36.Kb3 Rd3 37.Kxa3 Qxe5 38.Kb3 Qe3 39.Nxf4 Rxc3+ 40.
Rxc3 Qb6+ 41.Kc2 Qf2+ 42.Kb3 Qb6+ 1/2-1/2

[Event "10th Essent op"]
[Site "Hoogeveen NED"]
[Date "2006.10.22"]
[Round "3.1"]
[White "Gurevich, Mikhail"]
[Black "Hoeksema, Hendrik Pieter"]
[Result "1-0"]
[WhiteElo "2648"]
[BlackElo "2374"]
[EventDate "2006.10.20"]
[PlyCount "83"]

1.d4 d5 2.c4 c6 3.Nf3 Nf6 4.Qc2 g6 5.Bf4 Bg7 6.e3 O-O 7.Nc3 Bf5 8.Bd3 Bxd3
9.Qxd3 dxc4 10.Qxc4 Nd5 11.Bg5 Re8 12.O-O Nxc3 13.bxc3 Qd5 14.Qe2 Nd7 15.
e4 Qa5 16.Rab1 Qc7 17.e5 f6 18.Bf4 fxe5 19.Bg3 e6 20.Rfe1 Rad8 21.Bh4 Bf6 
22.Bxf6 Nxf6 23.Qxe5 Qg7 24.c4 h6 25.Qc5 a6 26.Qb6 Rd7 27.Rb3 Rde7 28.Rbe3
g5 29.a4 g4 30.Ne5 Qh7 31.Nd3 Qf5 32.Qb3 Rd7 33.Re5 Qh7 34.Qc3 Red8 35.Nc5
Rxd4 36.Rxe6 Qf7 37.a5 R8d6 38.Rxd6 Rxd6 39.h3 h5 40.Qe5 Rd8 41.Nxb7 Re8 
42.Qg5+ 1-0

[Event "10th Essent op"]
[Site "Hoogeveen NED"]
[Date "2006.10.22"]
[Round "3.2"]
[White "Werle, Jan"]
[Black "Cheparinov, Ivan"]
[Result "1/2-1/2"]
[WhiteElo "2551"]
[BlackElo "2632"]
[EventDate "2006.10.20"]
[PlyCount "128"]

1.Nf3 d5 2.d4 Nf6 3.c4 c6 4.Nc3 e6 5.Bg5 h6 6.Bh4 dxc4 7.e4 g5 8.Bg3 b5 9.
Be2 Bb7 10.O-O Nbd7 11.Ne5 h5 12.h3 g4 13.hxg4 hxg4 14.Bxg4 Rg8 15.Bh3 b4 
16.Na4 Nxe5 17.Bxe5 Nxe4 18.Bxe6 Qg5 19.Bh3 c5 20.Re1 Be7 21.Qf3 f5 22.
Rad1 cxd4 23.Qxf5 Qxf5 24.Bxf5 Ng5 25.Kf1 Nf7 26.Bg3 Rd8 27.Nc5 Bc8 28.Ne6
Bxe6 29.Bxe6 Rxg3 30.fxg3 c3 31.Bf5 Kf8 32.bxc3 bxc3 33.Ke2 Ne5 34.Rf1 Bg5
35.Be4+ Kg7 36.Rf5 Bf6 37.Rh5 d3+ 38.Bxd3 Nxd3 39.Rxd3 Rc8 40.Rd7+ Kg6 41.
Rh1 c2 42.Rxa7 c1=Q 43.Rxc1 Rxc1 44.Rd7 Kf5 45.Rd1 Rc2+ 46.Rd2 Rc4 47.Rd3 
Kg4 48.Rf3 Be5 49.Kd3 Ra4 50.Rf2 Bxg3 51.Rd2 Kf5 52.Kc3 Be5+ 53.Kb3 Ra8 
54.a4 Ke6 55.Ra2 Kd5 56.a5 Rg8 57.a6 Rg3+ 58.Kb4 Rg8 59.a7 Ra8 60.Ra6 Bd4 
61.g4 Bxa7 62.Ka4 Ke5 63.g5 Kf5 64.g6 Rg8 1/2-1/2

[Event "10th Essent op"]
[Site "Hoogeveen NED"]
[Date "2006.10.22"]
[Round "3.3"]
[White "Smeets, Jan"]
[Black "Brodsky, Mikhail"]
[Result "1/2-1/2"]
[WhiteElo "2525"]
[BlackElo "2566"]
[EventDate "2006.10.20"]
[PlyCount "59"]

1.e4 c5 2.Nf3 d6 3.d4 cxd4 4.Nxd4 Nf6 5.Nc3 a6 6.Be2 e5 7.Nb3 Be7 8.O-O 
O-O 9.Kh1 Nc6 10.f4 b5 11.a4 b4 12.Nd5 Bb7 13.Bf3 Nxd5 14.exd5 Na5 15.Nxa5
Qxa5 16.Bd2 f5 17.c4 e4 18.Be2 Rab8 19.Qb3 Bc8 20.Rfc1 Kh8 21.Be3 Bd7 22.
Bd4 Bf6 23.Qe3 Bxd4 24.Qxd4 Rbc8 25.b3 Qc5 26.Qxc5 dxc5 27.a5 g6 28.Kg1 
Kg7 29.Kf2 h5 30.h4 1/2-1/2

[Event "10th Essent op"]
[Site "Hoogeveen NED"]
[Date "2006.10.22"]
[Round "3.4"]
[White "Tondivar, Babak"]
[Black "Goloshchapov, Alexander"]
[Result "0-1"]
[WhiteElo "2367"]
[BlackElo "2552"]
[EventDate "2006.10.20"]
[PlyCount "74"]

1.d4 Nf6 2.c4 e6 3.Nc3 Bb4 4.Qc2 c5 5.dxc5 O-O 6.a3 Bxc5 7.Nf3 Be7 8.Bg5 
h6 9.Bh4 b6 10.e4 Bb7 11.Be2 d6 12.O-O Nbd7 13.Rad1 Qc7 14.Rfe1 a6 15.Bf1 
Rfe8 16.h3 Rac8 17.Bg3 e5 18.Rc1 Qb8 19.b4 Qa8 20.Qe2 Rc7 21.Qe3 Rec8 22.
Bh4 g5 23.Bg3 b5 24.c5 dxc5 25.Nxe5 cxb4 26.axb4 Bxb4 27.Nxd7 Rxd7 28.Be5 
Ne8 29.h4 Bc5 30.Qh3 Re7 31.Qf5 Qa7 32.hxg5 Bxf2+ 33.Kh1 Bxe1 34.gxh6 Rxe5
35.h7+ Kh8 36.Qxe5+ f6 37.Qe7 Qf2 0-1

[Event "10th Essent op"]
[Site "Hoogeveen NED"]
[Date "2006.10.22"]
[Round "3.5"]
[White "Postny, Evgeny"]
[Black "Grooten, Herman"]
[Result "1-0"]
[WhiteElo "2609"]
[BlackElo "2387"]
[EventDate "2006.10.20"]
[PlyCount "51"]

1.e4 c6 2.d4 d5 3.exd5 cxd5 4.c4 Nf6 5.Nc3 e6 6.c5 Be7 7.Qc2 O-O 8.Nf3 b6 
9.b4 a5 10.Na4 Nbd7 11.c6 Bxb4+ 12.Kd1 b5 13.Bxb5 Nb6 14.c7 Qd6 15.a3 Nxa4
16.Bxa4 Ne4 17.axb4 axb4 18.Bb2 Ba6 19.Ne5 Rfc8 20.Qc6 Qe7 21.Bb5 Nxf2+ 
22.Ke1 Qh4 23.Rxa6 Nd3+ 24.Kd2 Nxb2 25.Rxa8 Qxd4+ 26.Nd3 1-0

[Event "10th Essent op"]
[Site "Hoogeveen NED"]
[Date "2006.10.22"]
[Round "3.6"]
[White "Swinkels, Robin"]
[Black "l`Ami, Erwin"]
[Result "0-1"]
[WhiteElo "2378"]
[BlackElo "2593"]
[EventDate "2006.10.20"]
[PlyCount "112"]

1.e4 e5 2.Nf3 Nc6 3.d4 exd4 4.Nxd4 Bc5 5.Be3 Qf6 6.Nb5 Bxe3 7.fxe3 Qh4+ 8.
g3 Qd8 9.Qg4 g6 10.Qf4 d6 11.N1c3 a6 12.Nd4 Ne5 13.Be2 Be6 14.O-O-O Nf6 
15.Rhf1 Nfd7 16.Nf5 Bxf5 17.exf5 g5 18.Qd4 Nf6 19.Bf3 Rb8 20.Be2 Qe7 21.
Kb1 Kf8 22.h4 g4 23.Qf4 h5 24.Qg5 c6 25.e4 b5 26.Qf4 Kg7 27.Rd2 Rhe8 28.
Rfd1 Rbd8 29.Qg5+ Kh7 30.a3 a5 31.Rd4 Rd7 32.Qd2 Red8 33.Qg5 Rg8 34.Qd2 
Rgd8 35.Qg5 Rb8 36.b4 axb4 37.axb4 Ra8 38.Kb2 Rdd8 39.Kc1 Ra3 40.Kb2 Rxc3 
41.Kxc3 c5 42.bxc5 dxc5 43.Rxd8 Nxe4+ 44.Kb2 Nxg5 45.hxg5 c4 46.Rb8 Nc6 
47.Rxb5 Qxe2 48.Rdd5 Nd4 49.g6+ Kg7 50.Rb7 Qxc2+ 51.Ka3 Qc3+ 52.Ka2 Qc2+ 
53.Ka3 Qd3+ 54.Ka2 Qe2+ 55.Rb2 Qe7 56.gxf7 Qxf7 0-1

[Event "10th Essent op"]
[Site "Hoogeveen NED"]
[Date "2006.10.22"]
[Round "3.8"]
[White "Vul, Arkady"]
[Black "Van der Wiel, John"]
[Result "1/2-1/2"]
[WhiteElo "2365"]
[BlackElo "2522"]
[EventDate "2006.10.20"]
[PlyCount "28"]

1.Nf3 c5 2.c4 Nf6 3.Nc3 Nc6 4.d4 cxd4 5.Nxd4 e6 6.Ndb5 d5 7.Bf4 e5 8.cxd5 
exf4 9.dxc6 bxc6 10.Qxd8+ Kxd8 11.Rd1+ Bd7 12.Nd6 Kc7 13.Nxf7 Rg8 14.Ne5 
Rb8 1/2-1/2

[Event "10th Essent op"]
[Site "Hoogeveen NED"]
[Date "2006.10.22"]
[Round "3.9"]
[White "Ernst, Sipke"]
[Black "Ris, Robert"]
[Result "1-0"]
[WhiteElo "2512"]
[BlackElo "2367"]
[EventDate "2006.10.20"]
[PlyCount "53"]

1.d4 d5 2.c4 c6 3.Nf3 Nf6 4.Nc3 dxc4 5.a4 Bg4 6.Ne5 Bh5 7.f3 e6 8.e4 Bb4 
9.Be2 b5 10.Kf2 Nfd7 11.g4 Nxe5 12.dxe5 Qb6+ 13.Be3 Bc5 14.Bxc5 Qxc5+ 15.
Kg2 Bxg4 16.axb5 Qxe5 17.b6 Bxf3+ 18.Bxf3 a5 19.Qe2 Ra6 20.Na4 Qg5+ 21.Kf2
O-O 22.Rhd1 Qb5 23.Kg2 Ra8 24.Rd4 Ra6 25.Kh1 c5 26.Rxc4 Nd7 27.Rc3 1-0

[Event "10th Essent op"]
[Site "Hoogeveen NED"]
[Date "2006.10.22"]
[Round "3.10"]
[White "Van der Elburg, Freddie"]
[Black "Hendriks, Willy"]
[Result "1-0"]
[WhiteElo "2359"]
[BlackElo "2438"]
[EventDate "2006.10.20"]
[PlyCount "49"]

1.c4 g6 2.g3 Bg7 3.Bg2 e5 4.Nc3 Nc6 5.e4 d6 6.Nge2 Be6 7.Nd5 Qd7 8.d3 Nce7
9.d4 c6 10.Ne3 Bh3 11.Bxh3 Qxh3 12.dxe5 dxe5 13.Bd2 Nf6 14.f3 O-O 15.Qb3 
b6 16.O-O-O Rfd8 17.Kb1 Rd7 18.Bc3 Rad8 19.Bxe5 Nxe4 20.Nf4 Rxd1+ 21.Rxd1 
Qc8 22.Bxg7 Nd2+ 23.Rxd2 Rxd2 24.Bc3 Rxh2 25.Qd1 1-0

[Event "10th Essent op"]
[Site "Hoogeveen NED"]
[Date "2006.10.22"]
[Round "3.11"]
[White "Peng, Zhaoqin"]
[Black "Shumiakina, Tatiana"]
[Result "1/2-1/2"]
[WhiteElo "2437"]
[BlackElo "2363"]
[EventDate "2006.10.20"]
[PlyCount "81"]

1.d4 d5 2.c4 c6 3.Nf3 Nf6 4.e3 Bf5 5.Nc3 e6 6.Nh4 Bg6 7.Nxg6 hxg6 8.Bd2 
Nbd7 9.b3 Be7 10.g3 e5 11.cxd5 exd4 12.exd4 Nxd5 13.Nxd5 cxd5 14.Qf3 O-O 
15.Qxd5 Nb6 16.Qxd8 Raxd8 17.Bg2 Bf6 18.O-O-O Bxd4 19.Bxb7 Rd7 20.Bf3 Bxf2
21.Bf4 Rc8+ 22.Kb1 Bd4 23.Rd3 Be5 24.Rxd7 Nxd7 25.Rd1 Bxf4 26.Rxd7 Be3 27.
Bd5 Rc1+ 28.Kb2 Rf1 29.b4 Rf2+ 30.Kc3 Rxh2 31.Bxf7+ Kh7 32.Rd6 g5 33.Bg6+ 
Kh6 34.Bf5+ Kh5 35.Re6 Bc1 36.a4 Rf2 37.g4+ Kh4 38.Kc4 Rf4+ 39.Kc3 Ba3 40.
b5 Rxa4 41.Ra6 1/2-1/2

[Event "10th Essent op"]
[Site "Hoogeveen NED"]
[Date "2006.10.22"]
[Round "3.12"]
[White "Bitalzadeh, Ali"]
[Black "Dambacher, Martijn"]
[Result "1-0"]
[WhiteElo "2345"]
[BlackElo "2429"]
[EventDate "2006.10.20"]
[PlyCount "43"]

1.e4 e6 2.d4 c5 3.Nf3 cxd4 4.Nxd4 Nf6 5.Nc3 d6 6.Be3 Nc6 7.Bc4 Be7 8.f4 a6
9.Bb3 Qc7 10.Qf3 Nxd4 11.Bxd4 b5 12.e5 Bb7 13.Qg3 dxe5 14.Bxe5 Qb6 15.
O-O-O O-O 16.Rd7 Bd8 17.Bd4 Qc6 18.Rxd8 Rfxd8 19.Bxf6 Qxg2 20.Rg1 Qd2+ 21.
Kb1 g6 22.a3 1-0

[Event "10th Essent op"]
[Site "Hoogeveen NED"]
[Date "2006.10.22"]
[Round "3.13"]
[White "Willemze, Jeroen"]
[Black "Okkes, Menno"]
[Result "0-1"]
[WhiteElo "2423"]
[BlackElo "2355"]
[EventDate "2006.10.20"]
[PlyCount "74"]

1.e4 c5 2.Nf3 Nc6 3.d4 cxd4 4.Nxd4 Nf6 5.Nc3 d6 6.Bg5 e6 7.Qd2 Be7 8.O-O-O
Nxd4 9.Qxd4 a6 10.f3 b5 11.Kb1 Bb7 12.h4 Rc8 13.Qd2 O-O 14.Ne2 d5 15.e5 
Nd7 16.f4 Nc5 17.Nd4 Ne4 18.Qe3 Qc7 19.Bxe7 Qxe7 20.Bd3 b4 21.Nb3 Qc7 22.
Rc1 f6 23.exf6 Rxf6 24.Rhf1 Rcf8 25.Bxe4 dxe4 26.Nc5 Bd5 27.g3 e5 28.Rfd1 
exf4 29.gxf4 Rf5 30.c4 bxc3 31.Rxc3 Qf7 32.Ra3 Rxf4 33.Rxa6 Rf1 34.Re1 Qf3
35.Ra3 Qh1 36.Rxf1 Rxf1+ 37.Kc2 Qg2+ 0-1

[Event "10th Essent op"]
[Site "Hoogeveen NED"]
[Date "2006.10.22"]
[Round "3.14"]
[White "Slingerland, Fred"]
[Black "Brandenburg, Daan"]
[Result "1-0"]
[WhiteElo "2331"]
[BlackElo "2421"]
[EventDate "2006.10.20"]
[PlyCount "107"]

1.e4 c5 2.Nf3 d6 3.d4 cxd4 4.Nxd4 Nf6 5.Nc3 Nc6 6.Be2 e5 7.Nf3 h6 8.O-O 
Be7 9.Re1 O-O 10.h3 Be6 11.Bf1 Nb8 12.b3 a6 13.a4 Nbd7 14.Bb2 Rc8 15.a5 
Qc7 16.Nd2 Rfd8 17.Nc4 Qc6 18.Qf3 d5 19.exd5 Nxd5 20.Nxd5 Bxd5 21.Qg3 f6 
22.Ne3 Be6 23.Bd3 Nc5 24.Nf5 Bxf5 25.Bxf5 Ne6 26.Qg4 Nf4 27.Bxc8 Rxc8 28.
Bc1 f5 29.Qf3 Qxf3 30.gxf3 Nxh3+ 31.Kg2 Ng5 32.Bxg5 Bxg5 33.c4 Bf6 34.Rad1
Rc7 35.Rd5 Kf7 36.f4 exf4 37.Rxf5 g5 38.f3 Rd7 39.Rd5 Rc7 40.Red1 Ke7 41.
Rh1 Bg7 42.Re1+ Kf7 43.Kh3 Bf6 44.Red1 Re7 45.Rd7 h5 46.Rxe7+ Kxe7 47.Rd5 
Ke6 48.b4 Be7 49.b5 axb5 50.Rxb5 Bd8 51.Rxb7 Bxa5 52.Rh7 h4 53.Kg4 Bd8 54.
c5 1-0

[Event "10th Essent op"]
[Site "Hoogeveen NED"]
[Date "2006.10.22"]
[Round "3.15"]
[White "Donchenko, Anatoly G"]
[Black "Ly, Moulthun"]
[Result "1/2-1/2"]
[WhiteElo "2395"]
[BlackElo "2274"]
[EventDate "2006.10.20"]
[PlyCount "132"]

1.d4 Nf6 2.Nf3 g6 3.g3 Bg7 4.Bg2 O-O 5.O-O d6 6.b3 Nc6 7.Bb2 e5 8.dxe5 Ng4
9.Qc1 Ngxe5 10.Nxe5 Nxe5 11.c4 c6 12.Nc3 Qc7 13.Qd2 Bf5 14.Rad1 Rad8 15.h3
Be6 16.f4 Nd7 17.e4 f5 18.Rfe1 Rfe8 19.exf5 gxf5 20.Kh2 Nf6 21.Qf2 a6 22.
Rc1 Qf7 23.Kg1 Qg6 24.Rcd1 d5 25.cxd5 cxd5 26.Ne2 Ne4 27.Bxe4 Bxb2 28.Bg2 
Bg7 29.Nd4 Bf7 30.Nf3 Rxe1+ 31.Qxe1 Qb6+ 32.Qf2 d4 33.Ne5 Be6 34.Kh2 Qb4 
35.Nd3 Qb5 36.Qf3 Bd5 37.Qe2 Bxg2 38.Qxg2 Re8 39.Qc2 Re3 40.Rd2 Qe8 41.
Qc4+ Kh8 42.Ne5 Bxe5 43.fxe5 Qxe5 44.Qxd4 Re2+ 45.Kg1 Qxd4+ 46.Rxd4 Rxa2 
47.Rd8+ Kg7 48.Rd7+ Kg6 49.Rxb7 h6 50.b4 Kg5 51.Rg7+ Kf6 52.Ra7 Ra4 53.Kg2
Ke5 54.Re7+ Kd5 55.Rh7 Rxb4 56.Rxh6 a5 57.Rh5 Ke4 58.h4 Rb6 59.Rh8 Ra6 60.
h5 Ke5 61.h6 Kf6 62.Rg8 Ra7 63.Kf3 a4 64.Kf4 a3 65.h7 Rxh7 66.Ra8 Re7 
1/2-1/2

[Event "10th Essent op"]
[Site "Hoogeveen NED"]
[Date "2006.10.22"]
[Round "3.16"]
[White "Ikonnikov, Vyacheslav"]
[Black "Clemens, Adrian HP"]
[Result "1-0"]
[WhiteElo "2587"]
[BlackElo "2323"]
[EventDate "2006.10.20"]
[PlyCount "95"]

1.d4 d5 2.Nf3 Nf6 3.c4 dxc4 4.e3 e6 5.Bxc4 c5 6.O-O a6 7.Bb3 b5 8.a4 b4 9.
Nbd2 Bb7 10.e4 cxd4 11.e5 Nfd7 12.Nc4 Nc6 13.Bg5 Qc7 14.Rc1 Bc5 15.Re1 O-O
16.Qd3 Rfe8 17.Nfd2 Bf8 18.Qg3 f6 19.Bxf6 Nxf6 20.exf6 Qxg3 21.hxg3 gxf6 
22.Ne4 Re7 23.Nxf6+ Kg7 24.Nh5+ Kh6 25.Nf4 Nd8 26.Nd6 Rd7 27.Nxb7 Rxb7 28.
Bxe6 Nxe6 29.Rc6 Rd7 30.Nxe6 Rd6 31.Rxd6 Bxd6 32.Nxd4 Bc5 33.Re6+ Kg7 34.
Nf5+ Kf7 35.Rc6 Bf8 36.Kf1 Re8 37.b3 Re5 38.Ne3 Bc5 39.Nc4 Rd5 40.Ke2 Bf8 
41.Rxa6 Rh5 42.a5 Rh1 43.Rc6 Bg7 44.Rb6 Bc3 45.a6 Ra1 46.Rb7+ Kg6 47.a7 
Bd4 48.Nb6 1-0

[Event "10th Essent op"]
[Site "Hoogeveen NED"]
[Date "2006.10.22"]
[Round "3.21"]
[White "Smerdon, David"]
[Black "Wempe, Joost"]
[Result "1-0"]
[WhiteElo "2473"]
[BlackElo "2268"]
[EventDate "2006.10.20"]
[PlyCount "57"]

1.e4 e6 2.d4 d5 3.Nc3 Bb4 4.e5 c5 5.a3 Bxc3+ 6.bxc3 Ne7 7.Qg4 O-O 8.Bd3 f5
9.exf6 Rxf6 10.Bg5 Rf7 11.Qh5 h6 12.Bh7+ Kxh7 13.Qxf7 hxg5 14.Nf3 Bd7 15.
Nxg5+ Kh8 16.Qh5+ Kg8 17.Qf7+ Kh8 18.Qh5+ Kg8 19.O-O-O e5 20.dxe5 Qe8 21.
Qh7+ Kf8 22.Qh8+ Ng8 23.Nh7+ Kf7 24.e6+ Bxe6 25.Ng5+ Kg6 26.Rhe1 Kxg5 27.
Qxg7+ Qg6 28.Re5+ Bf5 29.Rxf5+ 1-0

[Event "10th Essent op"]
[Site "Hoogeveen NED"]
[Date "2006.10.22"]
[Round "3.22"]
[White "Piskov, Yury"]
[Black "De Jong, Migchiel"]
[Result "1-0"]
[WhiteElo "2452"]
[BlackElo "2263"]
[EventDate "2006.10.20"]
[PlyCount "87"]

1.d4 Nf6 2.Nf3 g6 3.e3 Bg7 4.Be2 O-O 5.O-O d6 6.b3 Nbd7 7.c4 e5 8.Nc3 Re8 
9.Bb2 e4 10.Nd2 c6 11.b4 Nf8 12.b5 h5 13.Qa4 Bd7 14.Ba3 cxb5 15.Qb3 bxc4 
16.Bxc4 Be6 17.Qxb7 d5 18.Bb5 Rb8 19.Qa6 Bd7 20.Rab1 Ne6 21.Be2 Rc8 22.
Rfc1 Bh6 23.Nb3 Nc7 24.Qa5 Ng4 25.Nxd5 Nxd5 26.Qxd5 Nxe3 27.fxe3 Bxe3+ 28.
Kh1 Bxc1 29.Bxc1 Be6 30.Qxd8 Rexd8 31.Bg5 Rd5 32.h4 Rc2 33.Bd1 Rf2 34.Kg1 
Rdf5 35.Nd2 Bxa2 36.Ra1 Bd5 37.Be3 Rxd2 38.Bxd2 Kg7 39.Ra5 Be6 40.Rxf5 
Bxf5 41.Kf2 Be6 42.Ke3 f5 43.Kf4 Kf6 44.Be2 1-0

[Event "10th Essent op"]
[Site "Hoogeveen NED"]
[Date "2006.10.22"]
[Round "3.23"]
[White "Berger, Steve"]
[Black "Kuipers, Stefan"]
[Result "1/2-1/2"]
[WhiteElo "2412"]
[BlackElo "2252"]
[EventDate "2006.10.20"]
[PlyCount "70"]

1.e4 c5 2.Nf3 Nc6 3.Bb5 g6 4.Bxc6 dxc6 5.d3 Bg7 6.Nc3 Nf6 7.Be3 b6 8.Qd2 
Ng4 9.Bg5 O-O 10.h3 Ne5 11.Nxe5 Bxe5 12.Bh6 Bg7 13.h4 Bxh6 14.Qxh6 Qd4 15.
h5 Qg7 16.Qe3 e5 17.O-O-O g5 18.h6 Qg6 19.f3 Be6 20.g3 f6 21.f4 Bg4 22.Rd2
Rad8 23.Nb1 f5 24.exf5 exf4 25.gxf4 Rxf5 26.fxg5 Re8 27.Qg3 Qxg5 28.Nc3 
Ref8 29.Qe1 Kh8 30.Ne4 Qf4 31.c4 Rh5 32.Rxh5 Bxh5 33.Kc2 Qxh6 34.Rg2 Bg6 
35.Ng5 Qg7 1/2-1/2

[Event "10th Essent op"]
[Site "Hoogeveen NED"]
[Date "2006.10.22"]
[Round "3.24"]
[White "Vedder, Richard"]
[Black "Van Delft, Merijn"]
[Result "1/2-1/2"]
[WhiteElo "2248"]
[BlackElo "2404"]
[EventDate "2006.10.20"]
[PlyCount "86"]

1.e4 c5 2.Nf3 e6 3.c3 d5 4.exd5 Qxd5 5.d4 Nf6 6.Be2 Nc6 7.O-O Be7 8.c4 Qd8
9.dxc5 Qxd1 10.Rxd1 Bxc5 11.Nc3 e5 12.Bg5 O-O 13.a3 a5 14.Na4 Ba7 15.Bxf6 
gxf6 16.Nc3 Be6 17.Nd5 Kg7 18.Nc7 Rad8 19.Nxe6+ fxe6 20.b4 e4 21.Ne1 Rxd1 
22.Bxd1 Rd8 23.Bc2 f5 24.c5 axb4 25.axb4 Nxb4 26.Rxa7 Nxc2 27.Rxb7+ Kf6 
28.Rb1 Nd4 29.Rb7 h5 30.h4 Ra8 31.Rd7 Ra1 32.Rxd4 Rxe1+ 33.Kh2 Rc1 34.Rd8 
Rxc5 35.g3 e5 36.Rg8 Rc2 37.Kg1 Rc1+ 38.Kg2 Rc2 39.Kf1 Rc3 40.Rg5 f4 41.
gxf4 exf4 42.Rxh5 f3 43.Ke1 Rc2 1/2-1/2

[Event "10th Essent op"]
[Site "Hoogeveen NED"]
[Date "2006.10.22"]
[Round "3.25"]
[White "Willemze, Thomas"]
[Black "Mijnheer, Peter"]
[Result "1-0"]
[WhiteElo "2384"]
[BlackElo "2232"]
[EventDate "2006.10.20"]
[PlyCount "70"]

1.e4 e6 2.d4 d5 3.Nc3 Bb4 4.Bd3 c5 5.exd5 Qxd5 6.a3 Bxc3+ 7.bxc3 Nf6 8.Nf3
h6 9.O-O Nc6 10.Re1 O-O 11.Ne5 cxd4 12.Nxc6 bxc6 13.cxd4 c5 14.dxc5 Bb7 
15.Bf1 Qxc5 16.Be3 Qc6 17.c4 e5 18.h3 Ne4 19.Qb3 f5 20.f3 Ng3 21.c5+ Kh8 
22.Bb5 Qg6 23.Bc1 Rab8 24.Rxe5 Bxf3 25.Qxf3 Rxb5 26.Kh2 Nh5 27.Ra2 Rb1 28.
Rc2 f4 29.Rc4 Qg3+ 30.Kg1 Qxf3 31.gxf3 Ng3 32.c6 Rd8 33.c7 Rd1+ 34.Kf2 
Rf1+ 35.Kg2 Rfxc1 1-0

[Event "10th Essent op"]
[Site "Hoogeveen NED"]
[Date "2006.10.22"]
[Round "3.26"]
[White "Afek, Yochanan"]
[Black "Ahlers, Ben"]
[Result "1-0"]
[WhiteElo "2372"]
[BlackElo "2184"]
[EventDate "2006.10.20"]
[PlyCount "103"]

1.e4 e6 2.d4 d5 3.e5 c5 4.c3 Nc6 5.Nf3 Qb6 6.a3 Nh6 7.Bd3 Bd7 8.Bc2 cxd4 
9.cxd4 Nf5 10.Bxf5 exf5 11.Nc3 Be6 12.O-O Be7 13.b4 O-O 14.Be3 Qd8 15.Ne1 
f6 16.f4 Rc8 17.Rc1 Kh8 18.Nd3 b6 19.exf6 gxf6 20.Ne2 Rg8 21.Ng3 Qd7 22.
Rf2 Nd8 23.Rxc8 Qxc8 24.Rc2 Qa6 25.Rc7 Bd6 26.Rc3 Qb7 27.Qh5 Qg7 28.Rc2 
Qg6 29.Ne1 Bd7 30.Nf3 Re8 31.Kf2 Qxh5 32.Nxh5 Rf8 33.Nh4 Kg8 34.Ng3 Ne6 
35.Nhxf5 Bb8 36.Ne7+ Kf7 37.Nxd5 Ba4 38.Rd2 Bc6 39.Nxf6 Nxf4 40.Nxh7 Rg8 
41.d5 Nxd5 42.Ng5+ Kg6 43.Nf3 Nf6 44.Rd4 Bxg3+ 45.hxg3 Ne4+ 46.Kg1 Kf5 47.
b5 Ba8 48.Rd7 Nxg3 49.Rxa7 Kg4 50.Ne5+ Kf5 51.Nc6 Rf8 52.Bxb6 1-0

[Event "10th Essent op"]
[Site "Hoogeveen NED"]
[Date "2006.10.22"]
[Round "3.27"]
[White "Schuurman, Petra"]
[Black "Bednar, Jaromir"]
[Result "1-0"]
[WhiteElo "2239"]
[BlackElo "2369"]
[EventDate "2006.10.20"]
[PlyCount "161"]

1.d4 Nf6 2.c4 c6 3.Nc3 d6 4.e4 Nbd7 5.Nf3 e5 6.Be2 Be7 7.O-O O-O 8.Qc2 a6 
9.Rd1 Qc7 10.Rb1 b5 11.b4 Re8 12.a4 Bb7 13.axb5 cxb5 14.dxe5 Nxe5 15.Nxe5 
dxe5 16.c5 Red8 17.Bb2 Bc6 18.Bf3 Rxd1+ 19.Rxd1 Re8 20.Nd5 Qb8 21.g3 Bd8 
22.Bg2 Qc8 23.h3 Nd7 24.Ne3 g6 25.Nd5 a5 26.bxa5 Bxa5 27.Bc3 Bd8 28.Qb2 
Qb8 29.Nb4 Qb7 30.Nxc6 Qxc6 31.Rd6 Qc8 32.Qxb5 Re7 33.c6 Nb8 34.Bxe5 Bc7 
35.Rd5 Bxe5 36.Rxe5 Rxe5 37.Qxe5 Nxc6 38.Qc5 Qd7 39.Qd5 Qc7 40.Qc5 Qd7 41.
Bf1 Qe6 42.Qd5 Qf6 43.Kg2 Qc3 44.Qc4 Qf6 45.Qd5 Qc3 46.h4 h5 47.Qc4 Qf6 
48.Be2 Kg7 49.Qc5 Nd4 50.Bd1 Ne6 51.Qd5 Nd4 52.e5 Qc6 53.Qxc6 Nxc6 54.f4 
f6 55.Ba4 Ne7 56.Kf3 fxe5 57.fxe5 Nf5 58.Bd7 Ne7 59.Kf4 Nd5+ 60.Kg5 Kf7 
61.e6+ Kg7 62.Be8 Ne7 63.Bf7 Kh7 64.Bxg6+ Nxg6 65.Kf6 Kh6 66.e7 Nxe7 67.
Kxe7 Kg6 68.Ke6 Kg7 69.Kf5 Kh6 70.Kf6 Kh7 71.Kg5 Kg7 72.Kxh5 Kh7 73.Kg5 
Kg7 74.g4 Kh7 75.Kf6 Kg8 76.Kg6 Kh8 77.Kf7 Kh7 78.g5 Kh8 79.Kg6 Kg8 80.Kh6
Kh8 81.g6 1-0

[Event "10th Essent op"]
[Site "Hoogeveen NED"]
[Date "2006.10.22"]
[Round "3.28"]
[White "Cako, Laszlo"]
[Black "Van de Oudeweetering, Arthur"]
[Result "1/2-1/2"]
[WhiteElo "2174"]
[BlackElo "2364"]
[EventDate "2006.10.20"]
[PlyCount "69"]

1.e4 e5 2.Nf3 Nc6 3.Bb5 a6 4.Ba4 Nf6 5.d4 exd4 6.O-O Be7 7.Re1 b5 8.e5 
Nxe5 9.Nxe5 bxa4 10.Qxd4 O-O 11.Bg5 Rb8 12.Nd2 h6 13.Bh4 c5 14.Qd3 Rb6 15.
Ndc4 Re6 16.f4 Ng4 17.Bg3 Nxe5 18.Nxe5 d5 19.Rad1 Bb7 20.f5 Rb6 21.Ng4 Bh4
22.Re3 Rb4 23.Qe2 Bg5 24.Re5 Bf6 25.Nxf6+ Qxf6 26.c3 Re4 27.Rxe4 dxe4 28.
Qf2 Rd8 29.Rf1 Qc6 30.Bf4 Rd3 31.Be3 a3 32.bxa3 Rxc3 33.f6 Rd3 34.fxg7 Qd5
35.h3 1/2-1/2

[Event "10th Essent op"]
[Site "Hoogeveen NED"]
[Date "2006.10.22"]
[Round "3.29"]
[White "Van Weersel, Arlette"]
[Black "Pruijssers, Roeland"]
[Result "0-1"]
[WhiteElo "2156"]
[BlackElo "2339"]
[EventDate "2006.10.20"]
[PlyCount "114"]

1.e4 e5 2.Nf3 Nc6 3.Bc4 Nf6 4.d3 Be7 5.c3 O-O 6.O-O d5 7.exd5 Nxd5 8.Bb5 
f6 9.Nbd2 Bg4 10.h3 Bh5 11.Ne4 a6 12.Ba4 b5 13.Bc2 Qd7 14.Ng3 Bf7 15.d4 
exd4 16.Nxd4 Nxd4 17.Qxd4 c5 18.Qh4 Bg6 19.Bxg6 hxg6 20.Rd1 Qe6 21.Qe4 
Qxe4 22.Nxe4 Rad8 23.Bd2 Rfe8 24.a4 bxa4 25.Rxa4 f5 26.Ng3 Nb6 27.Ra2 Bf6 
28.Re1 Nc4 29.Rxe8+ Rxe8 30.Be3 Nxe3 31.fxe3 Rxe3 32.Kf2 f4 33.Ne2 Bh4+ 
34.g3 Bxg3+ 35.Nxg3 Rxg3 36.h4 Rh3 37.Rxa6 Rxh4 38.Rxg6 Kf7 39.Rg5 Kf6 40.
Rxc5 g5 41.b4 g4 42.Rc6+ Kf5 43.Rc5+ Ke6 44.Rc6+ Ke7 45.Rc4 g3+ 46.Kf3 Kd6
47.b5 Kd5 48.Rc8 Rh1 49.c4+ Kd4 50.Rf8 Rf1+ 51.Kg2 Rf2+ 52.Kg1 Ke4 53.Re8+
Kf3 54.Ra8 Rg2+ 55.Kf1 Rb2 56.Ra3+ Kg4 57.Rc3 f3 0-1

[Event "10th Essent op"]
[Site "Hoogeveen NED"]
[Date "2006.10.22"]
[Round "3.30"]
[White "Doggers, Peter"]
[Black "Kleijn, Christov"]
[Result "0-1"]
[WhiteElo "2252"]
[BlackElo "2108"]
[EventDate "2006.10.20"]
[PlyCount "80"]

1.e4 c5 2.Nf3 d6 3.d4 cxd4 4.Nxd4 Nf6 5.Nc3 a6 6.Bg5 e6 7.f4 Be7 8.Qf3 Qc7
9.O-O-O Nbd7 10.g4 b5 11.Bxf6 Nxf6 12.g5 Nd7 13.f5 Bxg5+ 14.Kb1 Ne5 15.Qh5
Qd8 16.fxe6 O-O 17.Rg1 Bf6 18.Bh3 g6 19.Nd5 Kh8 20.Qh6 fxe6 21.Bxe6 Bg7 
22.Qh3 Nf3 23.Nxf3 Bxe6 24.Qxe6 Rxf3 25.h4 Qe8 26.Qg4 Qe5 27.c3 Rf2 28.
Rgf1 Raf8 29.Rxf2 Rxf2 30.Ka1 Rf8 31.Rh1 Re8 32.h5 gxh5 33.Rxh5 Qxe4 34.
Qxe4 Rxe4 35.Rh1 a5 36.Kb1 b4 37.Rh2 Be5 38.Rg2 h5 39.cxb4 axb4 40.Kc2 h4 
0-1

[Event "10th Essent op"]
[Site "Hoogeveen NED"]
[Date "2006.10.22"]
[Round "3.31"]
[White "Drost, Peter"]
[Black "Weeks, Manuel"]
[Result "0-1"]
[WhiteElo "2137"]
[BlackElo "2247"]
[EventDate "2006.10.20"]
[PlyCount "95"]

1.e4 e5 2.Nf3 Nc6 3.Bc4 Nf6 4.Ng5 d5 5.exd5 Na5 6.Bb5+ c6 7.dxc6 bxc6 8.
Bd3 Nd5 9.Ne4 Nf4 10.Bf1 f5 11.Nec3 Bc5 12.d3 Ng6 13.a3 Bb6 14.Be2 O-O 15.
O-O Nb7 16.Bf3 Qf6 17.Nd2 Rd8 18.g3 Ne7 19.Bg2 Nc5 20.Qe2 Ba6 21.Nc4 Bc7 
22.b4 Ne6 23.f4 e4 24.Bb2 Nd4 25.Qf2 Bxc4 26.dxc4 e3 27.Qxe3 Nxc2 28.Qe2 
Nd4 29.Qf2 Qf7 30.Rfe1 Nb3 31.Rad1 Qxc4 32.Kh1 Bb6 33.Qf1 Qf7 34.Na4 Nd2 
35.Qe2 Ne4 36.Nxb6 axb6 37.Bxe4 fxe4 38.Qxe4 Rxd1 39.Rxd1 Nf5 40.Re1 Rd8 
41.Bc3 Qd5 42.Be5 Qxe4+ 43.Rxe4 Rd3 44.Bb2 Rd1+ 45.Kg2 Rd2+ 46.Kh3 Rxb2 
47.Re8+ Kf7 48.Rc8 0-1